000 00631cab a2200205 4500
001 ABS47506
008 090401t1992 xxu||||| |||| 00| 0 eng d
035 _a(Sirsi) u62298
041 _aeng
100 _aPhillips, P.
245 _aNew strategy needed for tacky fringe
260 _c1992
350 _a0
490 _aPlanning (for the Natural and Built Environment)
_v(993) 6 November 1992, 14-15(2)
520 _aCalls for urban fringe development corporations to co-ordinate planning policy in the urban fringe.
650 _aURBAN FRINGE
690 _aPLANNING LAW AND PRACTICE
942 _n0
948 _c04/03/1997
999 _c38718
_d38718